| 000 | 00668nam a2200253Ia 4500 | ||
|---|---|---|---|
| 008 | 160319s9999 xx 000 0 und d | ||
| 020 | _a978-971-272258-5 | ||
| 050 | _aFIL HF 5415.1265 | ||
| 050 | _b.G37 2010 | ||
| 100 | _aGarcia, Leonardo R., Jr. | ||
| 245 | _aE-marketing / | ||
| 245 | _cLeonardo R. Garcia., Jr. | ||
| 250 | _aRevised Edition | ||
| 260 | _aPasig City: | ||
| 260 | _bAnvil Pub. Inc., | ||
| 260 | _c2010 | ||
| 300 | _a317 pages : | ||
| 300 | _billustrations ; | ||
| 300 | _c25 cm. | ||
| 500 | _aIncludes bibliographical references. | ||
| 650 | _aInternet marketing. | ||
| 650 | _aTelemarketing. | ||
| 650 | _xElectronic commerce. | ||
| 999 |
_c291684 _d291684 |
||